| 000 | 00532 a2200181 4500 | ||
|---|---|---|---|
| 999 |
_c29451 _d29451 |
||
| 003 | NUST | ||
| 005 | 20180118141133.0 | ||
| 008 | 180118b xxu||||| |||| 00| 0 eng d | ||
| 020 | _a0849336848 | ||
| 020 | _a9780849336843 | ||
| 082 | 0 | 4 | _a005.8 |
| 100 |
_aSergienko, Alexander V. _98804 |
||
| 245 | 1 | 0 |
_aQuantum communications and cryptography / _cAlexander V. Sergienko. |
| 260 |
_a[S.l.] : _bCRC Press, _c2005. |
||
| 300 |
_a248 p. ; _c24 cm. |
||
| 490 | 1 | _aOptical science and engineering. | |
| 700 | 1 |
_aSergienko, Alexander V. _98804 |
|
| 830 | 0 |
_aOptical science and engineering. _98805 |
|
| 942 |
_aSNS _cBK _k005.8 SER _2ddc |
||